000 00291nam a22001337a 4500
008 180118b xxu||||| |||| 00| 0 eng d
020 _a014019029952
041 _aeng
080 _a33
100 _a52
101 _aECO
245 _aTHE CONSUMER MONEY BOOK
_cJANET.B
942 _2udc
_cBK
999 _c40503
_d40503